000 00294nam a22001217a 4500
008 190313b xxu||||| |||| 00| 0 eng d
041 _aeng
080 _a043.3
100 _a0
101 _aARK-BA
245 _aProjektimi i objekteve afartiste (Qender Tregtare)
_cKastrati,A
942 _2udc
_cBK
999 _c54739
_d54739